[Event "LTU-chT"]
[Site "Lithuania"]
[Date "2022.03.20"]
[Round "7.2"]
[White "Limontas, Martynas"]
[Black "Starostits, Ilmars"]
[Result "1/2-1/2"]
[WhiteElo "2305"]
[BlackElo "2430"]
[PlyCount "54"]
[EventDate "2022.03.11"]
[EventType "team-swiss"]
[EventRounds "7"]
[EventCountry "LTU"]
[SourceTitle "CBM 207 Extra"]
[Source "ChessBase"]
[SourceDate "2022.05.31"]
[SourceVersion "1"]
[SourceVersionDate "2022.05.31"]
[SourceQuality "1"]
[WhiteTeam "Vilnius LKSF"]
[BlackTeam "Kaunas Margiris"]
[WhiteTeamCountry "LTU"]
[BlackTeamCountry "LTU"]

1. Nf3 d5 2. e3 Nf6 3. b4 Bg4 4. Bb2 Nbd7 5. Be2 Bxf3 6. Bxf3 e5 7. a3 Bd6 8. c4 e4 9. Be2 dxc4 10. Bxc4 Ne5 11. Qb3 0-0 12. Bxe5 Bxe5 13. Ra2 a5 14. d4 exd3 15. b5 Qe7 16. Bxd3 Rad8 17. Be2 Ne4 18. 0-0 Rd6 19. g3 Rfd8 20. Qc4 Nd2 21. Nxd2 Rxd2 22. a4 Rxa2 23. Qxa2 Qb4 24. Kg2 Bc3 25. Rb1 Rd2 26. Qxd2 Bxd2 27. Rxb4 Bxb4 1/2-1/2

[Event "LTU-ch Rapid op"]
[Site "Vilnius"]
[Date "2021.07.17"]
[Round "4"]
[White "Limontas, Martynas"]
[Black "Sevrukas, Gediminas"]
[Result "1-0"]
[WhiteElo "2294"]
[BlackElo "2035"]
[PlyCount "61"]
[EventDate "2021.07.17"]
[EventType "swiss (rapid)"]
[EventRounds "9"]
[EventCountry "LTU"]
[SourceTitle "EXT 2023"]
[Source "ChessBase"]
[SourceDate "2022.10.05"]
[SourceVersion "1"]
[SourceVersionDate "2022.10.05"]
[SourceQuality "1"]

1. d4 Nf6 2. Nc3 d5 3. Bf4 c6 4. e3 Qb6 5. Na4 Qa5+ 6. c3 Nbd7 7. b4 Qd8 8. Bd3 g6 9. h3 Bg7 10. Nf3 0-0 11. 0-0 Re8 12. Bh2 h6 13. Re1 Ne4 14. Qc2 e5 15. Rad1 Nxf2 16. Qxf2 e4 17. Bxe4 Rxe4 18. Nd2 Re6 19. e4 Nf6 20. Nc5 Re7 21. Be5 Ne8 22. Bxg7 Nxg7 23. exd5 Rxe1+ 24. Rxe1 Qxd5 25. c4 Qd8 26. Nf3 b6 27. Ne4 Nf5 28. g4 Nd6 29. Ne5 Be6 30. Nxc6 Qc7 31. d5 1-0

[Event "LTU-chT"]
[Site "Lithuania"]
[Date "2021.05.08"]
[Round "2.1"]
[White "Vedrickas, Tautvydas"]
[Black "Limontas, Martynas"]
[Result "0-1"]
[WhiteElo "2395"]
[BlackElo "2311"]
[PlyCount "70"]
[EventDate "2021.05.07"]
[EventType "team-swiss"]
[EventRounds "7"]
[EventCountry "LTU"]
[SourceTitle "CBM 202 Extra"]
[Source "ChessBase"]
[SourceDate "2021.07.31"]
[SourceVersion "1"]
[SourceVersionDate "2021.07.31"]
[SourceQuality "1"]
[WhiteTeam "Vilnius MRU"]
[BlackTeam "Vilnius Chess United"]
[WhiteTeamCountry "LTU"]
[BlackTeamCountry "LTU"]

1. d4 Nf6 2. Nf3 e6 3. c4 c5 4. d5 b5 5. Bg5 h6 6. Bh4 exd5 7. cxd5 d6 8. e4 a6 9. Nbd2 Be7 10. a4 Nxd5 11. exd5 Bxh4 12. axb5 0-0 13. Be2 Bf6 14. Nc4 Bb7 15. b6 Nd7 16. Nxd6 Qxb6 17. Nxb7 Qxb7 18. 0-0 Bxb2 19. Rb1 Rfb8 20. Bc4 Qc8 21. d6 Bf6 22. Qd5 Qf8 23. Qc6 Qc8 24. Qd5 Qf8 25. Qc6 Qc8 26. Qc7 Rb4 27. Rxb4 cxb4 28. Rc1 Qd8 29. Bd5 Rb8 30. Nd2 Bg5 31. f4 Bxf4 32. Bxf7+ Kh8 33. Rc2 Qf6 34. Qxd7 Be3+ 35. Kh1 Qa1+ 0-1

[Event "Titled Tuesday intern op 01st Dec"]
[Site "Chess.com INT"]
[Date "2020.12.01"]
[Round "2"]
[White "Abdrlauf, Elham"]
[Black "Limontas, Martynas"]
[Result "0-1"]
[WhiteElo "2338"]
[BlackElo "2311"]
[PlyCount "74"]
[EventDate "2020.12.01"]
[EventType "swiss (blitz)"]
[EventRounds "11"]
[EventCountry "USA"]
[SourceTitle "CBM 199 Extra"]
[Source "ChessBase"]
[SourceDate "2021.01.31"]
[SourceVersion "1"]
[SourceVersionDate "2021.01.31"]
[SourceQuality "1"]

1. e4 Nc6 2. d4 d5 3. exd5 Qxd5 4. Nf3 Bg4 5. Be2 Nf6 6. 0-0 0-0-0 7. Nc3 Qh5 8. h3 e6 9. Be3 Bd6 10. Nd2 Bxe2 11. Qxe2 Qxe2 12. Nxe2 e5 13. Nf3 Rhe8 14. Bg5 exd4 15. Nexd4 Nxd4 16. Nxd4 Be5 17. Nf3 Bxb2 18. Rab1 Ba3 19. Rb3 Bc5 20. Rfb1 b6 21. a4 a5 22. Kf1 Rd6 23. Bf4 Rde6 24. Rd3 Re2 25. Nd4 Bxd4 26. Rxd4 Rxc2 27. Rbd1 h6 28. g4 Re4 29. Rd8+ Kb7 30. Bg3 Rxa4 31. Rf8 Ne4 32. Bh2 Rxf2+ 33. Kg1 Raa2 34. Be5 f6 35. Bd4 Rg2+ 36. Kf1 Ng3+ 37. Ke1 Rge2# 0-1

[Event "Titled Tuesday intern op 24th Nov"]
[Site "Chess.com INT"]
[Date "2020.11.24"]
[Round "11"]
[White "Limontas, Martynas"]
[Black "Wiwatanadate, Poompong"]
[Result "1-0"]
[WhiteElo "2311"]
[BlackElo "2040"]
[PlyCount "79"]
[EventDate "2020.11.24"]
[EventType "swiss (blitz)"]
[EventRounds "11"]
[EventCountry "USA"]
[SourceTitle "CBM 199 Extra"]
[Source "ChessBase"]
[SourceDate "2021.01.31"]
[SourceVersion "1"]
[SourceVersionDate "2021.01.31"]
[SourceQuality "1"]

1. Nf3 Nf6 2. c4 g6 3. b3 Bg7 4. Bb2 0-0 5. g3 b6 6. Bg2 Bb7 7. 0-0 c5 8. Re1 d5 9. cxd5 Nxd5 10. Bxg7 Kxg7 11. d4 cxd4 12. Nxd4 e6 13. e4 Ne7 14. Nc3 Nbc6 15. Ndb5 e5 16. Nd5 a6 17. Nbc3 Nd4 18. Nxe7 Qxe7 19. Nd5 Qd6 20. Rc1 Rac8 21. Qd3 Rxc1 22. Rxc1 Rc8 23. Rxc8 Bxc8 24. Qc4 Bb7 25. f4 f6 26. h4 h5 27. Kf2 b5 28. Qc3 Kf7 29. Bf1 Bxd5 30. exd5 Qxd5 31. Qc7+ Kf8 32. Qc8+ Ke7 33. Bg2 Qd6 34. Qg8 f5 35. Qg7+ Kd8 36. fxe5 Qb6 37. Kf1 Qc7 38. Qf6+ Kc8 39. Qxa6+ Kb8 40. Qa8# 1-0

[Event "Titled Tuesday intern op 17th Nov"]
[Site "Chess.com INT"]
[Date "2020.11.17"]
[Round "11"]
[White "Kazarian, Anna Maja"]
[Black "Limontas, Martynas"]
[Result "0-1"]
[WhiteElo "2096"]
[BlackElo "2311"]
[PlyCount "64"]
[EventDate "2020.11.17"]
[EventType "swiss (blitz)"]
[EventRounds "11"]
[EventCountry "USA"]
[SourceTitle "CBM 199 Extra"]
[Source "ChessBase"]
[SourceDate "2021.01.31"]
[SourceVersion "1"]
[SourceVersionDate "2021.01.31"]
[SourceQuality "1"]

1. e4 Nc6 2. d4 d5 3. e5 f6 4. Nf3 Bg4 5. Bf4 Bxf3 6. gxf3 fxe5 7. dxe5 e6 8. h4 Qd7 9. Nc3 0-0-0 10. Qd2 d4 11. Ne4 Qd5 12. c4 Qd7 13. 0-0-0 Nh6 14. Bg5 Be7 15. Bxh6 gxh6 16. Qxh6 Rdf8 17. Bh3 Nd8 18. f4 Qa4 19. Bxe6+ Kb8 20. Kb1 Nxe6 21. Qxe6 Rxf4 22. Rxd4 Qe8 23. Nf6 Qg6+ 24. Ka1 Rxd4 25. Qxe7 Rhd8 26. Rb1 Qc2 27. a3 Rd1 28. Nd7+ R1xd7 29. e6 Rxe7 30. Re1 Rd1+ 31. Rxd1 Qxd1+ 32. Ka2 Rxe6 0-1

[Event "Titled Tuesday intern op 17th Nov"]
[Site "Chess.com INT"]
[Date "2020.11.17"]
[Round "6"]
[White "Limontas, Martynas"]
[Black "Aliavdin, Nikolai"]
[Result "1-0"]
[WhiteElo "2311"]
[BlackElo "2315"]
[PlyCount "91"]
[EventDate "2020.11.17"]
[EventType "swiss (blitz)"]
[EventRounds "11"]
[EventCountry "USA"]
[SourceTitle "CBM 199 Extra"]
[Source "ChessBase"]
[SourceDate "2021.01.31"]
[SourceVersion "1"]
[SourceVersionDate "2021.01.31"]
[SourceQuality "1"]

1. d4 Nf6 2. c4 c5 3. d5 e6 4. Nc3 exd5 5. cxd5 d6 6. e4 g6 7. Bd3 Bg7 8. Nge2 0-0 9. 0-0 Na6 10. Ng3 Nc7 11. a4 a6 12. a5 Rb8 13. Bf4 b5 14. axb6 Rxb6 15. Qd2 Ng4 16. h3 Ne5 17. Be2 Nb5 18. Nxb5 axb5 19. Bh6 Re8 20. Bxg7 Kxg7 21. Ra7 Re7 22. Qg5 Rd7 23. Nh5+ Kh8 24. Qxd8+ Rxd8 25. Ng3 Kg7 26. f4 Nc4 27. Rb1 Nd2 28. Rd1 Nb3 29. Bd3 c4 30. Bc2 Nc5 31. e5 Ra6 32. Rc7 Ra2 33. e6 Rxb2 34. Rxf7+ Kg8 35. Bxg6 hxg6 36. f5 Rf8 37. fxg6 Nxe6 38. dxe6 Bxe6 39. Re7 Bc8 40. Nh5 c3 41. Rg7+ Kh8 42. Rf7 Kg8 43. Rg7+ Kh8 44. Rf7 Kg8 45. Nf6+ Kh8 46. g7# 1-0

[Event "Titled Tuesday intern op 17th Nov"]
[Site "Chess.com INT"]
[Date "2020.11.17"]
[Round "5"]
[White "Limontas, Martynas"]
[Black "Prohorov, Olexandr"]
[Result "1-0"]
[WhiteElo "2311"]
[BlackElo "2086"]
[PlyCount "51"]
[EventDate "2020.11.17"]
[EventType "swiss (blitz)"]
[EventRounds "11"]
[EventCountry "USA"]
[SourceTitle "CBM 199 Extra"]
[Source "ChessBase"]
[SourceDate "2021.01.31"]
[SourceVersion "1"]
[SourceVersionDate "2021.01.31"]
[SourceQuality "1"]

1. d4 g6 2. e4 Bg7 3. Nc3 c6 4. a4 d5 5. Be3 dxe4 6. Nxe4 Nd7 7. Nf3 Ngf6 8. Nc3 0-0 9. Qd2 Re8 10. Rd1 Nb6 11. Bh6 Nbd5 12. Bxg7 Kxg7 13. Bc4 Bg4 14. Be2 Qc7 15. 0-0 Nf4 16. h3 Nxe2+ 17. Qxe2 Bf5 18. Rfe1 Rad8 19. Ne5 h5 20. g4 hxg4 21. hxg4 Bc8 22. Kg2 c5 23. d5 Rh8 24. Qf3 Rhf8 25. Qf4 Qb6 26. Rh1 1-0

[Event "Titled Tuesday intern op 17th Nov"]
[Site "Chess.com INT"]
[Date "2020.11.17"]
[Round "2"]
[White "Limontas, Martynas"]
[Black "Tsvetkov, Andrey1111"]
[Result "0-1"]
[WhiteElo "2311"]
[BlackElo "2395"]
[PlyCount "102"]
[EventDate "2020.11.17"]
[EventType "swiss (blitz)"]
[EventRounds "11"]
[EventCountry "USA"]
[SourceTitle "CBM 199 Extra"]
[Source "ChessBase"]
[SourceDate "2021.01.31"]
[SourceVersion "1"]
[SourceVersionDate "2021.01.31"]
[SourceQuality "1"]

1. d4 d6 2. e4 Nd7 3. Nc3 h6 4. g3 g5 5. h4 gxh4 6. Rxh4 Bg7 7. Nge2 Nf8 8. Be3 Ng6 9. Rh2 Nf6 10. f3 a6 11. Qd2 b5 12. Nf4 Nxf4 13. Bxf4 h5 14. 0-0-0 Bb7 15. Bh3 e6 16. d5 Qe7 17. dxe6 fxe6 18. e5 dxe5 19. Bxe5 Bxf3 20. Rf1 Bc6 21. Kb1 Rf8 22. Re2 Rd8 23. Qe1 Nd5 24. Rxf8+ Bxf8 25. Bh8 Nxc3+ 26. Bxc3 Bf3 27. Rxe6 Rd1+ 28. Qxd1 Bxd1 29. Rxe7+ Bxe7 30. Kc1 Bf3 31. Be5 c5 32. Bf5 Bg5+ 33. Kb1 Ke7 34. a3 c4 35. b3 Bd5 36. Kb2 Bf6 37. Bxf6+ Kxf6 38. Bc8 a5 39. Kc3 Ke5 40. bxc4 Bxc4 41. Bd7 Be2 42. Be8 Kf5 43. Kd4 Kg4 44. Kc5 Kxg3 45. Bxb5 Bxb5 46. Kxb5 h4 47. c4 h3 48. c5 h2 49. c6 h1Q 50. c7 Qb7+ 51. Kxa5 Qxc7+ 0-1

[Event "Titled Tuesday intern op 17th Nov"]
[Site "Chess.com INT"]
[Date "2020.11.17"]
[Round "1"]
[White "Limontas, Martynas"]
[Black "Ulanov, Alexandr"]
[Result "0-1"]
[WhiteElo "2311"]
[BlackElo "2463"]
[PlyCount "52"]
[EventDate "2020.11.17"]
[EventType "swiss (blitz)"]
[EventRounds "11"]
[EventCountry "USA"]
[SourceTitle "CBM 199 Extra"]
[Source "ChessBase"]
[SourceDate "2021.01.31"]
[SourceVersion "1"]
[SourceVersionDate "2021.01.31"]
[SourceQuality "1"]

1. d4 g6 2. e4 Bg7 3. Nc3 d6 4. g3 e5 5. dxe5 dxe5 6. Qxd8+ Kxd8 7. Be3 Be6 8. 0-0-0+ Nd7 9. Bh3 Ngf6 10. Bxe6 fxe6 11. Nh3 Ke7 12. f4 Ng4 13. Bd2 a6 14. Rdf1 Rhf8 15. Nf2 Nxf2 16. Rxf2 Nc5 17. Rhf1 exf4 18. gxf4 Bxc3 19. Bxc3 Nxe4 20. Bb4+ Nd6 21. Re2 Kd7 22. Rd1 Rad8 23. Rd3 Rxf4 24. Bc3 Rdf8 25. b3 Rf3 26. Rd4 Rxc3 0-1

[Event "Titled Tuesday intern op 17th Nov"]
[Site "Chess.com INT"]
[Date "2020.11.17"]
[Round "8"]
[White "Mohammad Fahad, Rahman"]
[Black "Limontas, Martynas"]
[Result "0-1"]
[WhiteElo "2319"]
[BlackElo "2311"]
[PlyCount "80"]
[EventDate "2020.11.17"]
[EventType "swiss (blitz)"]
[EventRounds "11"]
[EventCountry "USA"]
[SourceTitle "CBM 199 Extra"]
[Source "ChessBase"]
[SourceDate "2021.01.31"]
[SourceVersion "1"]
[SourceVersionDate "2021.01.31"]
[SourceQuality "1"]

1. e4 Nc6 2. Nf3 Nf6 3. e5 Ng4 4. d4 d6 5. h3 Nh6 6. e6 fxe6 7. Bd3 Nf7 8. 0-0 g6 9. Re1 Bg7 10. c3 e5 11. d5 Nb8 12. Nbd2 c6 13. c4 e6 14. dxe6 Bxe6 15. Ne4 0-0 16. Nfg5 Nxg5 17. Bxg5 Qc7 18. Rc1 Nd7 19. Be2 Nf6 20. Qxd6 Qxd6 21. Nxd6 Rad8 22. Nxb7 Rb8 23. Nc5 Bf5 24. b3 e4 25. Bd1 h6 26. Bf4 Rbe8 27. Bc2 g5 28. Be3 g4 29. h4 g3 30. fxg3 Nh5 31. Kh2 Be5 32. Bf4 Nxf4 33. gxf4 Bxf4+ 34. Kg1 Bxc1 35. Rxc1 e3 36. Bxf5 Rxf5 37. Nd3 Rd8 38. Ne1 Rd2 39. Rc3 e2 40. Re3 Rf1+ 0-1

[Event "Titled Tuesday intern op 03rd Nov"]
[Site "Chess.com INT"]
[Date "2020.11.03"]
[Round "5"]
[White "Antonica, Dragos Andrei"]
[Black "Limontas, Martynas"]
[Result "1-0"]
[WhiteElo "2301"]
[BlackElo "2311"]
[PlyCount "89"]
[EventDate "2020.11.03"]
[EventType "swiss (blitz)"]
[EventRounds "11"]
[EventCountry "USA"]
[SourceTitle "CBM 199 Extra"]
[Source "ChessBase"]
[SourceDate "2021.01.31"]
[SourceVersion "1"]
[SourceVersionDate "2021.01.31"]
[SourceQuality "1"]

1. Nf3 d5 2. c4 Nc6 3. cxd5 Qxd5 4. Nc3 Qh5 5. g3 e5 6. Bg2 Bh3 7. 0-0 Nf6 8. Qa4 Ng4 9. b4 Bxb4 10. Ba3 Bxa3 11. Qxa3 0-0-0 12. Rab1 Nd4 13. Qxa7 Bxg2 14. Qxb7+ Kd7 15. Kxg2 Nxf3 16. h3 Ng5 17. hxg4 Qh3+ 18. Kg1 f6 19. Ne4 Nxe4 20. Qxe4 h5 21. Rb7 hxg4 22. Rfb1 Qh2+ 23. Kf1 Qh1+ 24. Qxh1 Rxh1+ 25. Kg2 Rxb1 26. Rxb1 Kc6 27. d3 Ra8 28. Rb2 f5 29. f3 gxf3+ 30. Kxf3 Ra3 31. Rc2+ Kd6 32. g4 g6 33. gxf5 gxf5 34. Ke3 Kd5 35. Rxc7 Rxa2 36. Rb7 f4+ 37. Kf3 Ra1 38. Rb5+ Ke6 39. Ke4 Re1 40. Rxe5+ Kd6 41. Kxf4 Rf1+ 42. Ke4 Re1 43. Kd4 Ra1 44. Rh5 Ra4+ 45. Ke3 1-0

[Event "Titled Tuesday intern op 03rd Nov"]
[Site "Chess.com INT"]
[Date "2020.11.03"]
[Round "10"]
[White "Javakhishvili, Lela"]
[Black "Limontas, Martynas"]
[Result "1-0"]
[WhiteElo "2473"]
[BlackElo "2311"]
[PlyCount "57"]
[EventDate "2020.11.03"]
[EventType "swiss (blitz)"]
[EventRounds "11"]
[EventCountry "USA"]
[SourceTitle "CBM 199 Extra"]
[Source "ChessBase"]
[SourceDate "2021.01.31"]
[SourceVersion "1"]
[SourceVersionDate "2021.01.31"]
[SourceQuality "1"]

1. d4 d5 2. c4 Nc6 3. cxd5 Qxd5 4. e3 e5 5. Nc3 Bb4 6. Bd2 Bxc3 7. Bxc3 exd4 8. Ne2 Nf6 9. Nxd4 Bg4 10. Qb3 Nxd4 11. Bxd4 Qxb3 12. axb3 a6 13. b4 0-0-0 14. b5 Rxd4 15. exd4 Re8+ 16. Kd2 Ne4+ 17. Kc2 Nxf2 18. bxa6 bxa6 19. Bxa6+ Kd7 20. Rhf1 Ne4 21. Rxf7+ Kd6 22. Rxg7 Bf5 23. Bd3 c5 24. dxc5+ Kd5 25. Ra5 Rc8 26. c6+ Ke6 27. Rxf5 Kxf5 28. Bxe4+ Kxe4 29. c7 1-0

[Event "Titled Tuesday intern op 03rd Nov"]
[Site "Chess.com INT"]
[Date "2020.11.03"]
[Round "9"]
[White "Limontas, Martynas"]
[Black "Tarigan, Gilbert Elroy"]
[Result "1-0"]
[WhiteElo "2311"]
[BlackElo "2149"]
[PlyCount "91"]
[EventDate "2020.11.03"]
[EventType "swiss (blitz)"]
[EventRounds "11"]
[EventCountry "USA"]
[SourceTitle "CBM 199 Extra"]
[Source "ChessBase"]
[SourceDate "2021.01.31"]
[SourceVersion "1"]
[SourceVersionDate "2021.01.31"]
[SourceQuality "1"]

1. d4 c6 2. Nc3 d5 3. Bf4 Nf6 4. e3 Bg4 5. f3 Bh5 6. Bd3 Bg6 7. Nge2 e6 8. 0-0 Bd6 9. Qd2 Bxd3 10. cxd3 0-0 11. e4 Bb4 12. e5 Nfd7 13. Be3 c5 14. f4 Nc6 15. dxc5 Bxc5 16. Bxc5 Nxc5 17. d4 Ne4 18. Nxe4 dxe4 19. Qe3 Qd5 20. f5 exf5 21. Rxf5 Rad8 22. Rd1 g6 23. Rg5 Qxa2 24. Qxe4 Qxb2 25. d5 Ne7 26. Nf4 Kh8 27. h4 a5 28. Rd3 Qb4 29. Rd4 Qc3 30. h5 b5 31. d6 Nf5 32. Rd3 Qc5+ 33. Kh2 Nxd6 34. exd6 Qxg5 35. Qd4+ Kg8 36. Rg3 Qh4+ 37. Rh3 Qg4 38. Rg3 Qf5 39. hxg6 fxg6 40. Rf3 Qf6 41. Qd5+ Kh8 42. Ne6 Qh4+ 43. Rh3 Qc4 44. Qe5+ Rf6 45. Qxf6+ Kg8 46. Qg7# 1-0